000 01044nam a22002777a 4500
003 dpl
005 20180717155723.0
008 180717b xxu||||| |||| 00| 0 eng d
010 _aA-989097
020 _c150.00
035 _aA-989097, A-989122
037 _bCen Lib/Ret
040 _aDPL
_bHN
_c0
082 _a
_bसिंहर
100 _aसिंह, रमा
_965413
245 _aदिल्ली के लिये एक टिकट /
_cरमा सिंह
246 _aDilli ke liye ek tikat
_bby Rmaa Singh
260 _aदिल्ली
_bयात्री प्रकाशन
_c1999
270 _aबी -131, गली न. 2, सादतपुर
_b दिल्ली
_e110094
300 _a163पृष्ठ.
_c20सेमी(सजिल्द)
650 _aहिंदी साहित्य
_965414
650 _aहिंदी कहानी
_965415
650 _aHindi literature
_965416
650 _aHindi story
_943117
942 _2ddc
_cHN
_h
_mसिंहर
999 _c116224
_d116224